Guide to technology transfer in East, Central & Southern Africa: a catalogue of agricultural equipment manufactured in the region, with a guide to its purchase and use (Record no. 76060)

MARC details
000 -LEADER
fixed length control field 01184nam a2200193 a 4500
008 - FIXED-LENGTH DATA ELEMENTS--GENERAL INFORMATION
fixed length control field 120416s1981 ||||||||||||||||| || u
020 ## - INTERNATIONAL STANDARD BOOK NUMBER
International Standard Book Number 0850921988
050 ## - LIBRARY OF CONGRESS CALL NUMBER
Classification number T 174.3.A3 Gui
110 ## - MAIN ENTRY--CORPORATE NAME
Corporate name or jurisdiction name as entry element Food Production and Rural Development Division, Commonwealth Secretariat
245 10 - TITLE STATEMENT
Title Guide to technology transfer in East, Central & Southern Africa: a catalogue of agricultural equipment manufactured in the region, with a guide to its purchase and use
Statement of responsibility, etc. compiled by Anthony Ellman
260 ## - PUBLICATION, DISTRIBUTION, ETC.
Place of publication, distribution, etc. London:
Name of publisher, distributor, etc. Commonwealth Secretariat
Date of publication, distribution, etc. 1981
300 ## - PHYSICAL DESCRIPTION
Extent 134p. : ill.
350 ## -
-- 0.00
650 ## - SUBJECT ADDED ENTRY--TOPICAL TERM
Topical term or geographic name entry element AGRICULTURE--AFRICA, SUB-SAHARAN--TECHNOLOGY TRANSFER--CONGRESSES
650 ## - SUBJECT ADDED ENTRY--TOPICAL TERM
Topical term or geographic name entry element AGRICULTURE
995 ## -
-- MAIN LIBRARY OPEN ACCESS
-- 0.00
-- 729029
-- CBU-MAIN LIBRARY (Kitwe)
-- 1
-- 2.25
-- T 174.3.A3 Gui
-- 1
-- AVAILABLE
-- 021023
-- Main Library Open Access Collection
995 ## -
-- SPECIAL COLLECTIONS
-- 0.00
-- 03007904
-- CBU-MAIN LIBRARY (Kitwe)
-- 1
-- 0.00
-- COMM (02)1981/4
-- 3
-- AVAILABLE
-- May 26, 2011
-- Z03007904
-- International Publications
995 ## -
-- MAIN LIBRARY OPEN ACCESS
-- 0.00
-- 729029
-- CBU-MAIN LIBRARY (Kitwe)
-- 2
-- 2.25
-- T 174.3.A3 Gui
-- 2
-- AVAILABLE
-- 021022
-- Main Library Open Access Collection
999 ## -
-- 76060
-- 76060
Holdings
Withdrawn status Lost status Source of classification or shelving scheme Damaged status Not for loan Permanent Location Current Location Shelving location Date acquired Total Checkouts Full call number Barcode Date last seen Copy number Price effective from Koha item type
          CBU-MAIN LIBRARY, KITWE. CBU-MAIN LIBRARY, KITWE.   04/25/2023   T 174.3.A3 Gui 021023 04/25/2023 1 04/25/2023 MONOGRAPH
          CBU-MAIN LIBRARY, KITWE. CBU-MAIN LIBRARY, KITWE.   04/25/2023   COMM (02)1981/4 Z03007904 04/25/2023 2 04/25/2023 SPECIAL COLLECTION
          CBU-MAIN LIBRARY, KITWE. CBU-MAIN LIBRARY, KITWE.   04/25/2023   T 174.3.A3 Gui 021022 04/25/2023 3 04/25/2023 MONOGRAPH